[Event "It Jose Rubinstein"]
[Site "Vicente Lopez ARG"]
[Date "2000.11.24"]
[Round "9"]
[White "Slipak,S"]
[Black "Benko,F"]
[Result "1-0"]
[WhiteElo "2520"]
[BlackElo "2144"]

1.d4 Nf6 2.Nf3 b6 3.c4 e6 4.Nc3 Bb7 5.a3 d5 6.Bg5 Nbd7 7.e3 Be7 8.Rc1 c6
9.Bd3 dxc4 10.Bxc4 Nd5 11.Bxe7 Qxe7 12.Nxd5 exd5 13.Bd3 O-O 14.O-O f5 15.Qc2 g6
16.Rfe1 Rfe8 17.b4 a6 18.Qb3 Kg7 19.h3 Qd6 20.a4 b5 21.a5 Re7 22.Qc3 Rae8
23.Re2 h6 24.Rce1 Qf6 25.Nd2 c5 26.bxc5 Bc6 27.Nb3 Qf7 28.Nc1 Nf6 29.Na2 Ra7
30.Nb4 Qc7 31.Qb2 Re6 32.Qa2 Qd7 33.Bc2 Ne4 34.Qa1 Qc8 35.Nd3 Re8 36.Ne5 Nf6
37.Bb3 Rae7 38.f4 Rd8 39.Bc2 Be8 40.Kh2 Kh7 41.Qb1 h5 42.Rg1 Rg7 43.Qe1 Qc7
44.Kh1 Nd7 45.g4 Nxe5 46.fxe5 fxg4 47.hxg4 hxg4 48.Rxg4 Kg8 49.Reg2 Qc6 50.Qg3 g5
51.Rxg5 Qh6+ 52.Kg1 Qxg5 53.Qxg5 Rxg5 54.Rxg5+ Kf7 55.Rf5+ Ke7 56.Rf6 Bd7
57.Rxa6 Rg8+ 58.Rg6 Rf8 59.a6  1-0

[Event "VI Open"]
[Site "Lisbon POR"]
[Date "2000.11.25"]
[Round "8"]
[White "Nogueira,N"]
[Black "Pinheiro,J"]
[Result "0-1"]
[WhiteElo "2204"]
[BlackElo "2288"]

1.d4 Nf6 2.Nf3 e6 3.c4 b6 4.Nc3 Bb4 5.Qc2 Bb7 6.a3 Bxc3+ 7.Qxc3 Ne4 8.Qc2 O-O
9.e3 d6 10.Bd3 f5 11.O-O Nd7 12.Ne1 a5 13.f3 Ng5 14.b3 Qf6 15.Bb2 Qg6 16.h4 Nf7
17.Kf2 Nf6 18.g3 Ne4+ 19.fxe4 fxe4 20.Be2 Nh6+ 21.Kg1 Qxg3+ 22.Ng2 Nf5 23.Rxf5 Rxf5
24.Rf1 Rf3 25.Bc3 Raf8 26.Be1 Qg4 27.c5 Bd5 28.cxd6 cxd6 29.Qc7 h6 30.Qxd6 Rc8
31.Qxb6 Rc2 32.Qb5 Kh7 33.Rf2 a4 34.Bxf3 exf3 35.Rxc2 fxg2 36.Rc7 Qh3 37.Rxg7+ Kxg7
38.Qd7+ Kf6 39.Qd8+ Kf5 40.Qf8+ Ke4 41.Qf4+ Kd3  0-1

[Event "Scaccomatto"]
[Site "Torino ITA"]
[Date "2000.11.26"]
[Round "9"]
[White "Quinn,M"]
[Black "Skembris,S"]
[Result "0-1"]
[WhiteElo "2381"]
[BlackElo "2475"]

1.d4 Nf6 2.Nf3 e6 3.c4 b6 4.Nc3 Bb7 5.a3 Ne4 6.Qc2 Nxc3 7.Qxc3 Be7 8.Bf4 O-O
9.h4 d6 10.g3 Nd7 11.Bg2 e5 12.Be3 exd4 13.Bxd4 Bf6 14.O-O Re8 15.Bxf6 Nxf6
16.e3 h6 17.Rfd1 a5 18.b4 Qe7 19.Qb2 Be4 20.Nd2 Bxg2 21.Kxg2 Ne4 22.Nf1 Qe6
23.f3 Nf6 24.b5 Qxc4 25.Rac1 Qe6 26.Rxc7 Nd5 27.Rc6 Nxe3+ 28.Nxe3 Qxe3 29.Rcxd6 Rac8
30.Rc6 Rcd8 31.Rcd6 Rxd6 32.Rxd6 Qe1 33.Rd2 a4 34.Qc2 Qe3 35.Rd3 Qe5 36.Qc4 Qe2+
37.Kg1 Qe1+ 38.Kg2 h5  0-1

[Event "Autumn Cup IM"]
[Site "Bucharest ROM"]
[Date "2000.11.30"]
[Round "10"]
[White "Vioreanu,B"]
[Black "Cioara,A"]
[Result "1-0"]
[WhiteElo "2280"]
[BlackElo "2350"]

1.d4 Nf6 2.c4 e6 3.Nf3 b6 4.Nc3 Bb4 5.Qb3 c5 6.a3 Bxc3+ 7.Qxc3 d6 8.e3 Nbd7
9.Be2 O-O 10.O-O Ba6 11.b3 Rc8 12.Bb2 Qe7 13.Rfd1 d5 14.Rac1 cxd4 15.Qxd4 Nc5
16.Nd2 dxc4 17.Bxc4 Rfd8 18.Qh4 Bxc4 19.Qxc4 Qf8 20.Bxf6 gxf6 21.h3 f5 22.Qh4 Qg7
23.b4 Nd7 24.Rxc8 Rxc8 25.Ne4 Nf8 26.Nd6 Ra8 27.Qc4 Rd8 28.Rd4 Qf6 29.Qc7 Rd7
30.Qb8 Qe7 31.Nc8 Qe8 32.Rxd7 Nxd7 33.Qg3+ Kh8 34.Nxa7 Qa8 35.Qc7 Nb8 36.Qxb6 Nd7
37.Qc7 Qd5 38.b5 Ne5 39.Nc6 Qd1+ 40.Kh2 Nd3 41.Qd8+ Kg7  1-0

[Event "Autumn Cup IM"]
[Site "Bucharest ROM"]
[Date "2000.12.02"]
[Round "12"]
[White "Hernandez,Gu VEN"]
[Black "Cioara,A"]
[Result "0-1"]
[WhiteElo "2245"]
[BlackElo "2350"]

1.Nf3 Nf6 2.d4 e6 3.c4 b6 4.Nc3 Bb4 5.Bg5 h6 6.Bh4 Bb7 7.e3 Bxc3+ 8.bxc3 d6
9.Nd2 Nbd7 10.f3 Qe7 11.Bd3 e5 12.e4 g5 13.Bf2 Nh5 14.Nf1 f5 15.Ne3 fxe4
16.fxe4 Nf4 17.O-O O-O-O 18.Nd5 Qe6 19.a4 a5 20.Rb1 Rde8 21.Re1 Nxd3 22.Qxd3 Ba6
23.Rb2 Rhf8 24.h3 Rf7 25.Kh2 h5 26.Qb1 Bxc4 27.Nxc7 Kxc7 28.d5 Qf6 29.Bxb6+ Kc8
30.Bxa5 g4 31.Qc2 g3+  0-1

[Event "Open"]
[Site "Mallorca ESP"]
[Date "2000.12.03"]
[Round "2"]
[White "Campos Moreno,J"]
[Black "Serra Olives,T"]
[Result "1-0"]
[WhiteElo "2491"]
[BlackElo "2196"]

1.d4 Nf6 2.c4 e6 3.Nf3 b6 4.Nc3 Bb4 5.Bg5 Bb7 6.e3 Bxc3+ 7.bxc3 d6 8.Nd2 h6
9.Bh4 Qe7 10.f3 Nbd7 11.Qa4 e5 12.e4 O-O 13.Bd3 Rfe8 14.O-O Nf8 15.Rfe1 Ne6
16.Nf1 exd4 17.cxd4 Nxd4 18.Ne3 Qe5 19.Bg3 Qc5 20.Bf2 Qg5 21.Qd1 Ne6 22.h4 Qa5
23.Rb1 Nf4 24.Bf1 Bc8 25.Qc1 Qe5 26.Nd5 N6xd5 27.exd5  1-0

[Event "FIDE WCh Women KO"]
[Site "New Delhi IND"]
[Date "2000.12.04"]
[Round "3.2"]
[White "Ioseliani,N"]
[Black "Peptan,C"]
[Result "1/2-1/2"]
[WhiteElo "2476"]
[BlackElo "2433"]

1.d4 Nf6 2.c4 e6 3.Nf3 b6 4.Nc3 Bb4 5.e3 Bb7 6.Bd3 c5 7.O-O cxd4 8.exd4 O-O
9.Bg5 Be7 10.Re1 d5 11.Bxf6 Bxf6 12.cxd5 exd5 13.Ne5 Nc6 14.Qg4 g6 15.Nd7 Bc8
16.Nxf6+ Qxf6 17.Nxd5 Qxd4 18.Ne7+ Kg7 19.Qe4 Bb7 20.Nxc6 Qf6 21.Bb5 Rac8
22.Rec1 a6 23.Bxa6 Bxa6 24.Ne5 Bb7 25.Qe3 Rfe8 26.f4 Qe6 27.Rxc8 Rxc8 28.Qd3 f6
29.Nf3 Bxf3 30.Qxf3 Rc2 31.b3 Qc8 32.h3 Qc5+ 33.Kh2 Rf2 34.Qe4 Kh6 35.Rd1 Qc7
36.Rd4 Rxa2 37.Qe6 f5 38.Qf6 Qb7 39.Qg5+ Kg7 40.Rd6 Re2 41.h4 Qe7 42.Rxb6 Rxg2+
43.Kxg2 Qe2+ 44.Kg1 Qe1+ 45.Kh2 Qf2+ 46.Qg2 Qxh4+ 47.Kg1 Qe1+ 48.Qf1 Qg3+
49.Kh1 Qh4+  1/2-1/2

[Event "Schacknytt GM"]
[Site "Upplands Vasby SWE"]
[Date "2000.12.08"]
[Round "4"]
[White "Gavrikov,Vi"]
[Black "Rozentalis,E"]
[Result "1/2-1/2"]
[WhiteElo "2549"]
[BlackElo "2570"]

1.Nf3 Nf6 2.d4 e6 3.c4 b6 4.Nc3 Bb7 5.a3 d5 6.cxd5 exd5 7.g3 Bd6 8.Bg2 O-O
9.O-O Nbd7 10.Nb5 Be7 11.Bf4 c6 12.Nd6 Bxd6 13.Bxd6 Re8 14.Bf4 c5 15.dxc5 bxc5
16.b4 cxb4 17.axb4 Qb6 18.Nd4 Ne5 19.Bxe5 Rxe5 20.b5 Ree8 21.Re1 Ne4 22.e3 a6
23.bxa6 Bxa6 24.Rb1 Qf6 25.Qf3 Bd3 26.Qxf6 Nxf6 27.Rb2 h6 28.Rd1 Be4 29.Ne2 Bxg2
30.Kxg2 Ra7 31.Nc3 Rd7 32.Rb5 Red8 33.Rd4 h5 34.h3 g6 35.Kf3 Kg7 36.Kf4 Rd6
37.f3 Rc6 38.Nxd5 Nxd5+ 39.Rdxd5 Rc4+ 40.Rd4  1/2-1/2

[Event "TCh-SVK"]
[Site "SVK"]
[Date "2000.12.17"]
[Round "6"]
[White "Timoscenko,G"]
[Black "Vavrak,P"]
[Result "1-0"]
[WhiteElo "2529"]
[BlackElo "2361"]

1.d4 e6 2.c4 Nf6 3.Nf3 b6 4.Nc3 Bb7 5.a3 Be7 6.d5 O-O 7.g3 a5 8.Bg2 Na6 9.O-O Nc5
10.Rb1 Re8 11.Ne1 exd5 12.cxd5 Bd6 13.Qc2 Be5 14.b4 axb4 15.axb4 Bxc3 16.bxc5 Bxe1
17.Rxe1 Bxd5 18.cxb6 cxb6 19.Bxd5 Nxd5 20.Qb3 Nf6 21.Qxb6 Qxb6 22.Rxb6 Ra2
23.Bb2 Kf8 24.Bxf6 gxf6 25.e3 Re6 26.Rb4 Rd2 27.Ra1 Re5 28.Rf4 Kg7 29.Ra6 d6
30.Kf1 Kg6 31.Ke1 Red5 32.Ra8 f5 33.Rg8+ Kf6 34.g4 Rd1+ 35.Ke2 Rh1 36.g5+ Ke7
37.Ra4 Rb5 38.Ra7+ Ke6 39.Re8+ Kd5 40.Rxf7 Rb2+ 41.Kf3 Rxh2 42.Rxf5+ Kc6
43.Kg3 Rh1 44.Rc8+ Kd7 45.Ra8 Rbb1 46.Ra7+ Kc6 47.Ra6+ Rb6 48.Rxb6+ Kxb6
49.Rf6 Kc6 50.Rh6 Rxh6 51.gxh6 Kd5 52.Kf4 Ke6 53.Ke4 Kf6 54.Kd5 Ke7 55.f4  1-0

[Event "Open"]
[Site "Ano Liosia GRE"]
[Date "2001.01.06"]
[Round "9"]
[White "Halkias,S"]
[Black "Nikolaidis,K"]
[Result "1-0"]
[WhiteElo "2502"]
[BlackElo "2308"]

1.d4 Nf6 2.c4 e6 3.Nf3 b6 4.Nc3 Bb4 5.Bg5 Bb7 6.Qb3 Bxc3+ 7.Qxc3 d6 8.e3 Nbd7
9.Bd3 h6 10.Bh4 g5 11.Bg3 Ne4 12.Qc2 f5 13.d5 exd5 14.Nd4 Ndc5 15.cxd5 Qf6
16.Bb5+ Kf8 17.b4 Bxd5 18.Rd1 Nxg3 19.fxg3 Be4 20.Qc3 a6 21.Be2 Rh7 22.bxc5 bxc5
23.Nb5 Qe7 24.Na3 Bxg2 25.Rg1 Be4 26.Rf1 Qg7 27.Qc4 Qf7 28.g4 Re8 29.gxf5 Qxc4
30.Nxc4 Rhe7 31.f6 Rh7 32.Kd2 Rb8 33.Bd3 Bxd3 34.Kxd3  1-0

[Event "Anibal Open"]
[Site "Anibal Open ESP"]
[Date "2001.01.09"]
[Round "2"]
[White "Avrukh,B"]
[Black "Roeder,M"]
[Result "1/2-1/2"]
[WhiteElo "2625"]
[BlackElo "2467"]

1.d4 Nf6 2.c4 e6 3.Nf3 b6 4.Nc3 Bb7 5.a3 d5 6.Qc2 Be7 7.cxd5 Nxd5 8.e4 Nxc3
9.bxc3 O-O 10.Bd3 c5 11.O-O Qc8 12.Qa2 Nd7 13.Qe2 c4 14.Bc2 Re8 15.Bf4 b5
16.h4 f6 17.h5 Qc6 18.a4 a6 19.Rab1 e5 20.dxe5 Bc5 21.axb5 axb5 22.exf6 Nxf6
23.Ne5 Qa6 24.Rfd1 Re7 25.h6 g5 26.Bg3 Rae8 27.Qd2 Rxe5 28.Bxe5 Rxe5 29.Qd8+ Bf8
30.Qc7 Ng4 31.Rd8 Qxh6 32.Qxb7 Qf6 33.Rd2 Qf4 34.Qd7 Bc5 35.Qc8+ Kg7 36.Qc7+ Kh6
37.Rd6+ Bxd6 38.Qxd6+ Kh5 39.Qd4 Qh2+ 40.Kf1 Qh1+ 41.Ke2 Qxg2 42.Ra1 Re7
43.Rf1 Nh2 44.Rb1 Qg4+ 45.Ke3 Qh3+ 46.Ke2 Rd7 47.Qf6 Qg4+ 48.Ke3 Qh3+ 49.Ke2 Qg4+
50.Ke3 Qh3+  1/2-1/2

[Event "Anibal Open"]
[Site "Anibal Open ESP"]
[Date "2001.01.12"]
[Round "5"]
[White "Roeder,M"]
[Black "Pelletier,Y"]
[Result "1/2-1/2"]
[WhiteElo "2467"]
[BlackElo "2474"]

1.d4 Nf6 2.c4 e6 3.Nf3 b6 4.Nc3 Bb7 5.a3 d5 6.cxd5 Nxd5 7.Qc2 Nxc3 8.Qxc3 Bd6
9.Bg5 Qc8 10.e3 O-O 11.Bd3 h6 12.Bh4 Nd7 13.O-O c5 14.Rac1 Qb8 15.Bg3 Bxg3
16.hxg3 Rd8 17.Qc2 a5 18.Bh7+  1/2-1/2

[Event "Anibal Open"]
[Site "Linares ESP"]
[Date "2001.01.16"]
[Round "9"]
[White "Mirzoev,A"]
[Black "Pelletier,Y"]
[Result "1-0"]
[WhiteElo "2463"]
[BlackElo "2548"]

1.d4 Nf6 2.Nf3 e6 3.c4 b6 4.Nc3 Bb7 5.a3 d5 6.Bg5 Be7 7.e3 Nbd7 8.cxd5 Nxd5
9.Bxe7 Qxe7 10.Nxd5 Bxd5 11.Rc1 Qd6 12.Qc2 c5 13.dxc5 Qxc5 14.Qxc5 Nxc5 15.b4 Nd7
16.Ba6 O-O 17.Rc7 Rad8 18.Ke2 Nb8 19.Bd3 Rc8 20.Rxa7 Rc3 21.Kd2 Rfc8 22.e4 Bb3
23.Nd4 e5 24.Nf5 Kf8 25.Nd6 R8c7 26.Ra8 Ke7 27.Nf5+ Kf6 28.Rxb8 Bc2 29.Rxb6+ Kg5
30.h4+ Kf4 31.g3+ Kf3 32.Be2+  1-0

[Event "12th Goodricke Open"]
[Site "Calcutta IND"]
[Date "2001.02.10"]
[Round "5"]
[White "Mikhalevski,V"]
[Black "Kunte,A"]
[Result "1-0"]
[WhiteElo "2500"]
[BlackElo "2568"]

1.d4 Nf6 2.c4 e6 3.Nf3 b6 4.Nc3 Bb4 5.Bg5 Bb7 6.e3 h6 7.Bh4 g5 8.Bg3 Ne4
9.Qc2 Bxc3+ 10.bxc3 d6 11.Bd3 Nxg3 12.fxg3 g4 13.Nh4 Qg5 14.O-O Nd7 15.Rf4 Rg8
16.a4 a5 17.Qe2 h5 18.Raf1 Qg7 19.Qf2 c6 20.Bb1 Ba6 21.Ba2 c5 22.Bb3 Rc8
23.Rd1 Kd8 24.Qd2 Qg5 25.d5 e5 26.Rf5 Qe7 27.e4 Rh8 28.Rg5  1-0

[Event "12th Goodricke Open"]
[Site "Calcutta IND"]
[Date "2001.02.12"]
[Round "7"]
[White "Abdulla,Al"]
[Black "Simutowe,A"]
[Result "1/2-1/2"]
[WhiteElo "2359"]
[BlackElo "2462"]

1.d4 Nf6 2.Nf3 e6 3.c4 b6 4.Nc3 Bb7 5.Bf4 Bb4 6.e3 Ne4 7.Qb3 Bxc3+ 8.bxc3 d6
9.c5 dxc5 10.Bb5+ c6 11.Bd3 Nf6 12.Rd1 cxd4 13.O-O dxe3 14.fxe3 Qe7 15.Ne5 Nbd7
16.Nc4 Nc5 17.Qa3 Rd8 18.Bc2 Nd5 19.Nd6+ Rxd6 20.Bxd6 Qxd6 21.c4 Ba6 22.Rf4 e5
23.Rg4 Qe6 24.Rxg7 Nf6 25.Qc3 h6 26.Qd2 Kf8 27.Rg3 Bxc4 28.Qd8+ Ne8 29.Qb8 Qe7
30.Rd8 Bd5 31.h3 Nd7 32.Qc8 Nf6 33.Bf5 e4 34.Bd7 Nxd7 35.Rxd7 Be6 36.Rxe7 Bxc8
37.Rxe4 Nf6 38.Ra4 a6 39.Rf3 Nd5 40.e4 b5 41.Rd4 Ne7 42.Rd8+ Kg7 43.Rxh8 Kxh8
44.Rxf7 Ng6 45.Rf6 Kg7 46.Rxc6 Ne7 47.Rb6 h5 48.Kf2 Ng6 49.Rc6 Ne7 50.Rb6 Ng6
51.Ke3 Kf7 52.Rc6 Ne7 53.Rb6 Ng6 54.Rc6 Ne7 55.Rh6 b4 56.Kd4 Be6 57.Rh7+ Kf8
58.Kc5 Bxa2 59.Kxb4 Bf7 60.g4 Bg6  1/2-1/2

[Event "Belgian Interteams 2000-1"]
[Site "BEL"]
[Date "2001.02.18"]
[Round "9"]
[White "De Waal,M"]
[Black "Vanderstricht,G"]
[Result "1/2-1/2"]
[WhiteElo "2317"]
[BlackElo "2427"]

1.d4 Nf6 2.c4 e6 3.Nf3 b6 4.Nc3 Bb4 5.Bf4 O-O 6.e3 Ne4 7.Qb3 c5 8.Bd3 Bb7
9.Bxe4 Bxe4 10.dxc5 bxc5 11.O-O Bxf3 12.gxf3 Nc6 13.a3 Bxc3 14.Qxc3 d6 15.b4 e5
16.Bg3 h5 17.b5 Ne7 18.f4 Ng6 19.f5 Nh4 20.e4 Nxf5  1/2-1/2

[Event "Masters"]
[Site "Bunratty IRL"]
[Date "2001.02.18"]
[Round "6"]
[White "McMahon,D"]
[Black "Heidenfeld,M"]
[Result "1/2-1/2"]
[WhiteElo "2240"]
[BlackElo "2369"]

1.d4 e6 2.Nf3 Nf6 3.c4 b6 4.Nc3 Bb7 5.Bg5 Bb4 6.e3 h6 7.Bh4 O-O 8.Bd3 d5
9.cxd5 exd5 10.O-O Nbd7 11.Rc1 Re8 12.Qa4 Be7 13.Bg3 c6 14.Rfd1 Bf8 15.Bf5 g6
16.Bh3 Nh5 17.Ne5 Nxe5 18.Bxe5 f6 19.Bg3 Nxg3 20.hxg3 Bd6 21.Qc2 Kg7 22.e4 dxe4
23.Nxe4 f5 24.Nxd6 Qxd6 25.d5 c5 26.g4 f4 27.g5 hxg5 28.Be6 Qe5 29.Rf1 Qf6
30.Qa4 Red8 31.Rfd1 Rd6 32.b4 c4 33.b5 c3 34.Qc4 Re8 35.Qc7+ Qe7 36.Qxc3+ Qf6
37.Qb4 Qd8 38.Qc3+ Qf6 39.Qc7+ Qe7 40.Re1 Kh6 41.Qc3 Qd8 42.Qh3+ Kg7 43.Qc3+ Kh6
44.Qh3+ Kg7 45.Qc3+  1/2-1/2

[Event "It"]
[Site "Tel Aviv ISR"]
[Date "2001.02.25"]
[Round "5"]
[White "Postny,E"]
[Black "Botvinnik,Il"]
[Result "1/2-1/2"]
[WhiteElo "2432"]
[BlackElo "2434"]

1.d4 e6 2.c4 Nf6 3.Nf3 b6 4.Nc3 Bb7 5.a3 Ne4 6.Nxe4 Bxe4 7.e3 Be7 8.Be2 O-O
9.O-O d6 10.b4 Nd7 11.Bb2 c5 12.Nd2 Bb7 13.Bf3 Bxf3 14.Qxf3 a6 15.dxc5 bxc5
16.Rfd1 Qc7 17.Ne4 f5 18.Qg3 e5 19.Nc3 Nb6 20.Rac1 Rac8 21.Qf3  1/2-1/2

[Event "It"]
[Site "Tel Aviv ISR"]
[Date "2001.03.01"]
[Round "9"]
[White "Greenfeld,A"]
[Black "Gruenfeld,Y"]
[Result "1/2-1/2"]
[WhiteElo "2570"]
[BlackElo "2520"]

1.Nf3 Nf6 2.c4 e6 3.d4 b6 4.Nc3 Bb7 5.a3 d5 6.cxd5 exd5 7.Bg5 Be7 8.Qa4+ c6
9.e3 O-O 10.Bd3 Nbd7 11.Rd1 Ne4 12.Bxe4 Bxg5 13.Bf5 Bh6 14.h4 g6 15.Bb1 Re8
16.h5 Bg7 17.Ne2 Qf6 18.Kf1 Qd6 19.hxg6 hxg6 20.Ng3 Nf6 21.Rh4 a5 22.Ne5 c5
23.f3 Rxe5 24.dxe5 Qxe5 25.Qf4 Qxb2 26.e4 Re8 27.Kg1 Qb3 28.Re1 Qc3 29.Rd1 Ba6
30.exd5 Re1+ 31.Rxe1 Qxe1+ 32.Kh2 Qxb1 33.Qb8+ Bf8 34.Qe5 Bg7 35.Qb8+ Bf8
36.Qe5 Bg7  1/2-1/2

[Event "TCh-FIN 00-01"]
[Site "FIN"]
[Date "2001.03.10"]
[Round "8"]
[White "Solozhenkin,E"]
[Black "Agopov,M"]
[Result "0-1"]
[WhiteElo "2506"]
[BlackElo "2354"]

1.d4 Nf6 2.c4 e6 3.Nf3 b6 4.Nc3 Bb4 5.Bg5 Bb7 6.e3 h6 7.Bh4 g5 8.Bg3 Ne4
9.Qc2 d6 10.Bd3 Bxc3+ 11.bxc3 f5 12.d5 Nd7 13.Bxe4 fxe4 14.Qxe4 Qf6 15.O-O O-O-O
16.Qxe6 Qxe6 17.dxe6 Nc5 18.Nd4 Rde8 19.a4 a5 20.f3 h5 21.h4 g4 22.Kh2 gxf3
23.gxf3 Ba6 24.Nb5 Rxe6 25.e4 Rg8 26.Bf4 Nd3 27.Bg5 Ne5 28.Rf2 Nxc4 29.Nd4 Ree8
30.Nf5 Kd7 31.Ng3 Rh8 32.f4 b5 33.axb5 Bxb5 34.Bf6 Rh7 35.Re1 a4 36.e5 dxe5
37.fxe5 a3 38.Ne4 Kc6 39.Ng5 Rd7 40.e6 Rd2 41.Rxd2 Nxd2 42.e7 Bc4 43.Ra1 a2
44.Kg3 Nb1 45.Nf3 Kd6 46.Kf4 Ke6 47.Bg5 Na3 48.Nd4+ Kf7 49.Ke5 Rb8 50.Re1 Rb1
51.Re3 Rf1 52.Nf5 a1=Q 53.Ng7 Bb5  0-1

[Event "Tch-AUT 2000-01"]
[Site "Fuerstenfeld AUT"]
[Date "2001.03.18"]
[Round "11"]
[White "Pinter,J"]
[Black "Wells,P"]
[Result "1/2-1/2"]
[WhiteElo "2569"]
[BlackElo "2522"]

1.d4 Nf6 2.c4 e6 3.Nf3 b6 4.Nc3 Bb4 5.Bg5 Bb7 6.e3 h6 7.Bh4 g5 8.Bg3 Ne4
9.Qc2 Bxc3+ 10.bxc3 d6 11.Bd3 f5 12.d5 Nd7 13.Nd4 Ndc5 14.dxe6 Qf6 15.f3 Nxd3+
16.Qxd3 Nc5 17.Qxf5 Qxf5 18.Nxf5 h5 19.e4 h4 20.Bf2 Nd3+ 21.Ke2 Nf4+ 22.Kd2 h3
23.g3 Nxe6 24.Be3 Rf8 25.Rhb1 O-O-O 26.g4 Ba6 27.Rb4 Kb7 28.Kc2 c5 29.Ra4 Bxc4
30.Rxc4 b5 31.Nxd6+ Rxd6 32.Bxc5 bxc4 33.Bxd6 Rxf3 34.Re1 Rf2+ 35.Kb1 Kc6
36.Bg3 Rg2 37.Rd1 Nc5 38.Rd6+ Kb5 39.Rd5 Kc6 40.Rd6+ Kb5 41.Rd5 Kc6 42.Rd6+ Kb7
43.Rd4 Nd3 44.a4 Rg1+ 45.Kc2 Rg2+  1/2-1/2

[Event "Open"]
[Site "Kazimierz Dolny POL"]
[Date "2001.03.18"]
[Round "9"]
[White "Borovikov,V"]
[Black "Pinski,J"]
[Result "1-0"]
[WhiteElo "2544"]
[BlackElo "2395"]

1.d4 Nf6 2.Nf3 e6 3.c4 b6 4.Nc3 Bb7 5.a3 d5 6.cxd5 Nxd5 7.e3 g6 8.Bb5+ c6
9.Ba4 Bg7 10.O-O O-O 11.e4 Nxc3 12.bxc3 c5 13.Bg5 f6 14.Be3 Na6 15.Bb3 Bxe4
16.Bxe6+ Kh8 17.Re1 Re8 18.Bf7 Re7 19.Bc4 cxd4 20.Bf4 Nc5 21.cxd4 Ne6 22.Rxe4 Nxf4
23.Qe1 Rc7 24.d5 g5 25.Rd1 f5 26.d6 Rc5 27.Nxg5 Qxg5 28.Re8+ Bf8 29.Qc3+ Qg7
30.Qxg7+ Kxg7 31.Rxa8  1-0

[Event "56th ch-YUG"]
[Site "Herceg Novi YUG"]
[Date "2001.03.25"]
[Round "3"]
[White "Antic,D"]
[Black "Kovacevic,A"]
[Result "1/2-1/2"]
[WhiteElo "2481"]
[BlackElo "2521"]

1.d4 Nf6 2.c4 e6 3.Nf3 b6 4.Nc3 Bb7 5.a3 d5 6.Bg5 Be7 7.Bxf6 Bxf6 8.cxd5 exd5
9.g3 O-O 10.Bg2 Nd7 11.O-O a5 12.Rc1 c6 13.Bh3 Re8 14.Re1 Nf8 15.Qb3 Ne6
16.Rcd1 Ba6 17.Qc2 g6 18.e3 Bg7 19.Bg2 Rc8 20.b4 axb4 21.axb4 Nc7 22.Bf1 Bxf1
23.Rxf1 b5 24.Ne1 Na8 25.Nd3 Nb6 26.Ra1 Nc4 27.Ra7 h5 28.Ne2 Qg5 29.Ndf4 h4
30.Ng2 hxg3 31.hxg3 Bf8 32.Nc3 Bd6 33.Rfa1 Bc7 34.Rb7 Nd6 35.Rba7 Nf5 36.Qd1 Kg7
37.Qf3 Rh8 38.Nf4 Rhe8 39.Kh1 Re7 40.Rb7 Nd6 41.Rba7 Rce8 42.R1a6 Ne4 43.Kg2 Nd2
44.Qd1 Nc4 45.Qf3 Nd2 46.Qd1 Nc4 47.Qf3 Nd2  1/2-1/2

[Event "56th ch-YUG"]
[Site "Herceg Novi YUG"]
[Date "2001.04.06"]
[Round "13"]
[White "Ivanisevic,I"]
[Black "Ostojic,N"]
[Result "1/2-1/2"]
[WhiteElo "2560"]
[BlackElo "2451"]

1.d4 Nf6 2.c4 e6 3.Nf3 b6 4.Nc3 Bb4 5.Qb3 a5 6.Bg5 Bb7 7.e3 h6 8.Bh4 g5 9.Bg3 Ne4
10.Nd2 Bxc3 11.bxc3 Nxd2 12.Kxd2 d6 13.Rd1 Nd7 14.Kc1 Bc6 15.f3 h5 16.e4 h4
17.Bf2 Qe7 18.d5 Bb7 19.c5 dxc5 20.Bb5 O-O-O 21.c4 e5 22.Rd3 Qd6 23.Qc3 Rdg8
24.Re1 Nf8 25.Be3 f6 26.Kb1 Ng6 27.Bc1 Nf4 28.Rd2 Ng6 29.Ka1 Ne7 30.Ba3 Kd8
31.Ba4 Ba6 32.Rb1 Nc8 33.Bc1 Ne7 34.Rdb2 Nc8 35.Be3 Na7 36.Rh1 Rg7 37.Bd1 Nc8
38.Be2 Ne7 39.Qa3 Nc8 40.Rhb1 Rgg8 41.Qc3 Ne7 42.Rb3 Ke8 43.Qb2 Kf7 44.Bd2 Ng6
45.Re3 Nf4 46.Bf1 Bc8 47.Bc3 Bd7 48.Rd1 Ke7 49.Ree1 Ng6 50.Be2 Nf4 51.Bf1 Kd8
52.Rd2 Ng6 53.Rf2 Re8 54.Bd3 Rh6 55.Bc2 Rh7 56.Ref1 Reh8 57.Bd3  1/2-1/2

[Event "FSIMB April"]
[Site "Budapest HUN"]
[Date "2001.04.07"]
[Round "1"]
[White "Petran,Pa"]
[Black "Tian Tian"]
[Result "1/2-1/2"]
[WhiteElo "2392"]
[BlackElo "2302"]

1.d4 Nf6 2.c4 e6 3.Nf3 b6 4.Nc3 Bb7 5.a3 d5 6.Bg5 Be7 7.e3 O-O 8.Rc1 Nbd7
9.cxd5 exd5 10.Bd3 c5 11.O-O Ne4 12.Bxe7 Qxe7 13.Qe2 Rab8 14.Rfd1 Rfd8 15.Bb1 Rbc8
16.dxc5 Nxc3 17.Rxc3 bxc5 18.Qc2 g6 19.Qa4 a6 20.Qf4 Nf8 21.Ba2 Ne6 22.Qh6 Qf8
23.Qxf8+ Kxf8 24.Rcd3 c4 25.Rc3 Nc5 26.Nd4 a5 27.b3 cxb3 28.Bxb3 a4 29.Bc2 Ba6
30.Rb1 Ne4 31.Rxc8 Rxc8 32.Rb4 Nd2 33.f3 Nc4 34.Bd3 Rc7 35.Kf2 Bc8 36.Bxc4 Rxc4
37.Rxc4 dxc4 38.Ke2 Ke7 39.Kd2 Kd6 40.Kc3 Kc5 41.e4 h5 42.h4 Bd7 43.Nc2 Be6
44.Ne3 f6 45.g3 Bf7 46.Ng2 Be6 47.Nf4 Bf7 48.g4 hxg4 49.fxg4 g5 50.hxg5 fxg5
51.Nh3 Be6 52.Nxg5 Bxg4 53.Nh7 Be6 54.Nf6 Bh3 55.Nh5 Be6 56.Nf4 Bg4 57.e5 Bf5
58.e6 Kd6  1/2-1/2

[Event "32nd Open"]
[Site "Mar del Plata ARG"]
[Date "2001.04.11"]
[Round "5"]
[White "Soppe,G"]
[Black "Acosta,M ARG"]
[Result "1-0"]
[WhiteElo "2474"]
[BlackElo "2125"]

1.d4 Nf6 2.Nf3 e6 3.c4 b6 4.Nc3 Bb4 5.Qb3 a5 6.g3 c6 7.Bg2 d5 8.a3 Bd6 9.O-O Ba6
10.Nd2 Bc7 11.Rd1 O-O 12.e4 dxe4 13.Ndxe4 Nxe4 14.Bxe4 Ra7 15.Bg2 Qf6 16.Be3 Rd8
17.Rd2 Qe7 18.Rad1 g5 19.d5 c5 20.Ne4 Be5 21.Bxg5 f6 22.Bh4 exd5 23.Qxb6 Rb7
24.Qxc5 Qxc5 25.Nxc5 Rxb2 26.Bxd5+ Kh8 27.Rxb2 Bxb2 28.Rb1 Be5 29.Rb6  1-0

[Event "Classics GM"]
[Site "Gausdal NOR"]
[Date "2001.04.15"]
[Round "1"]
[White "Solozhenkin,E"]
[Black "Tikkanen,H"]
[Result "1-0"]
[WhiteElo "2512"]
[BlackElo "2274"]

1.d4 Nf6 2.c4 e6 3.Nf3 b6 4.Nc3 Bb7 5.a3 d5 6.cxd5 exd5 7.g3 Bd6 8.Bg5 O-O
9.Bh3 Re8 10.O-O c6 11.Re1 Na6 12.e4 Be7 13.e5 Nd7 14.e6 Nf8 15.exf7+ Kxf7
16.Ne5+ Kg8 17.Qh5 Bxg5 18.Qf7+ Kh8 19.Qxb7 Qf6 20.Qxa6  1-0

[Event "zt3.3 Women"]
[Site "HeiBei CHN"]
[Date "2001.04.16"]
[Round "1"]
[White "Huang Qian"]
[Black "Xu Yuhua"]
[Result "0-1"]
[WhiteElo "2218"]
[BlackElo "2501"]

1.d4 Nf6 2.Nf3 e6 3.c4 b6 4.Nc3 Bb4 5.Bg5 Bb7 6.e3 h6 7.Bh4 Bxc3+ 8.bxc3 d6
9.Bd3 Qe7 10.Bxf6 Qxf6 11.O-O Nd7 12.Nd2 Qg5 13.Be4 Bxe4 14.Nxe4 Qe7 15.Ng3 O-O
16.f4 f5 17.Qd3 Nf6 18.e4 fxe4 19.Nxe4 Nxe4 20.Qxe4 Qd7 21.Rae1 Rae8 22.Qd3 Qa4
23.g3 d5 24.cxd5 exd5 25.Qd2 Re4 26.Rxe4 dxe4 27.Qe3 Qxa2 28.Qxe4 Qc4 29.Qe3 a5
30.f5 Qc6 31.Qd2 Qf6 32.Qa2+ Qf7 33.Qc2 Re8 34.f6 gxf6 35.Rf4 Qh5 36.Rxf6 Re1+
37.Rf1 Re2 38.Qb3+ Kg7 39.h3 Qe8 40.Qd5 c6 41.Qf5 Qe3+ 42.Kh1 Qe4+ 43.Qxe4 Rxe4
44.Ra1 Re3 45.c4 Rxg3 46.Kh2 Rb3 47.Kg2 Kf6 48.Kf2 Ke6 49.h4 Rc3 50.Ra4 Kd6
51.Ke2 Kc7  0-1

[Event "Open"]
[Site "Dubai UAE"]
[Date "2001.04.18"]
[Round "4"]
[White "Neverov,V"]
[Black "Shariyazdanov,A"]
[Result "1/2-1/2"]
[WhiteElo "2562"]
[BlackElo "2594"]

1.d4 Nf6 2.c4 e6 3.Nf3 b6 4.Nc3 Bb4 5.Bg5 Bb7 6.Nd2 h6 7.Bh4 O-O 8.e3 Be7
9.Bd3 c5 10.O-O d5 11.dxc5 bxc5 12.Nb3 Nbd7 13.cxd5 Nxd5 14.Bg3 Nxc3 15.bxc3 Nf6
16.Qc2 Qd5 17.e4 Qd7 18.Na5 Rad8 19.Rfd1 Qc8 20.Nxb7 Qxb7 21.f3 Qc6 22.Bc4 Rxd1+
23.Rxd1 Rd8 24.a4 Rxd1+ 25.Qxd1 Qb7 26.Bb5 Kf8 27.Qd3 Qb6 28.Kf1 Qa5 29.e5 Ng8
30.Qd7 g6 31.Be1 Qb6 32.c4 a5 33.Bf2 Kg7 34.Qc8 h5 35.g4 hxg4 36.fxg4 g5
37.h3 Qa7 38.Ke2 Qb6 39.Be3 Kh7 40.Qe8 Kg7 41.Qc8 Kh7 42.Kd3 Kg7 43.Kc2 Qa7
44.Qc6 Qb8 45.Bd2 Qa7 46.Ba6 Bd8 47.Be3 Be7 48.Bd2 Bd8 49.Be3 Be7 50.Bc8 Qb8
51.Bd2 Bd8 52.Bd7 Qa7 53.Be3 Be7 54.Qc8 Qb6 55.Bb5 Qa7 56.Qc6 Qb8 57.Qe4 Qc7
58.Bd2 Bd8 59.Qf3 Qa7 60.Bc3 Qc7 61.Be8 Qa7 62.Bc6 Kf8 63.Be4 Qd7 64.Kb3 Qc7
65.Qe3 Kg7 66.Ka3 Qd7 67.Bc2 Kf8 68.Ka2 Qc7 69.Qd2 Qb6  1/2-1/2

[Event "GM"]
[Site "Hampstead ENG"]
[Date "2001.04.18"]
[Round "2"]
[White "Crouch,C"]
[Black "Richardson,J"]
[Result "1-0"]
[WhiteElo "2403"]
[BlackElo "2338"]

1.d4 Nf6 2.c4 e6 3.Nf3 b6 4.Nc3 Bb7 5.a3 d5 6.cxd5 Nxd5 7.Bd2 Nd7 8.Qc2 Be7
9.e4 Nxc3 10.Bxc3 O-O 11.O-O-O Rc8 12.h4 c5 13.d5 exd5 14.exd5 c4 15.Nd4 Bf6
16.Ne6 fxe6 17.dxe6 Rc7 18.Bxf6 Qxf6 19.Rxd7 Rfc8 20.Rxc7 Rxc7 21.Rh3 Qxe6
22.Re3 Qf7 23.g3 b5 24.f4 Re7 25.Qe2 Rxe3 26.Qxe3 Bd5 27.Bh3 h6 28.Qc5 Be6
29.f5 Bd7 30.g4 Qe8 31.Qd5+ Kh7 32.Kd2 Bc6 33.Qd4 Qb8 34.Qf2 Qe5 35.Kc1 c3
36.b4 Qe4 37.g5 Bd5 38.f6 Qh1+ 39.Qf1 gxf6 40.gxf6 Kg6 41.Qxh1 Bxh1 42.Kc2 Kxf6
43.Kxc3 Ke5 44.Bd7 Be4 45.Bxb5 Kd5 46.Be8 Bf3 47.Bf7+ Kd6 48.Kd4 Bc6 49.Bb3 Bb7
50.Bd1 Bg2 51.Ke3 Bd5 52.Kf4 Be6 53.Bg4 Bf7 54.Bf3 Be6 55.a4 Bb3 56.a5 Be6
57.b5 Kc7 58.Ke5 Bc4 59.Kf6 Bxb5 60.Kg6 Kd6 61.Kxh6 a6 62.Kg7 Be8 63.Be2 Kc5
64.Bxa6 Bh5 65.Bf1  1-0

[Event "5th GM"]
[Site "Rijeka HUN"]
[Date "2001.04.21"]
[Round "4"]
[White "Vucic,M"]
[Black "Cvitan,O"]
[Result "0-1"]
[WhiteElo "2383"]
[BlackElo "2526"]

1.d4 Nf6 2.Nf3 e6 3.c4 b6 4.Nc3 Bb4 5.Bg5 Bb7 6.e3 h6 7.Bh4 g5 8.Bg3 Ne4
9.Qc2 Bxc3+ 10.bxc3 d6 11.Bd3 f5 12.d5 Nd7 13.Nd4 Ndc5 14.f3 Nxd3+ 15.Qxd3 Nc5
16.Qc2 Qf6 17.O-O O-O 18.dxe6 Nxe6 19.Rad1 Rae8 20.Rfe1 Re7 21.Nb5 Rg7 22.Nd4 Nc5
23.Nb3 f4 24.Bf2 g4 25.exf4 gxf3 26.g3 Qh4 27.Rd5 Bxd5 28.cxd5 Qh3 29.Bxc5 bxc5
30.Qf2 Rxf4 31.Nd2 h5 32.Nxf3 Qf5 33.Re8+ Kh7  0-1